Doa Doa no Mi - Statistics

General Stats
  • This quiz has been taken 8 times
  • The average score is 8 of 15
Answer Stats
Hint Answer % Correct
What is the user a member of? CP9
100%
Who defeated the user? Monkey D. Luffy
100%
Who ate Doa Doa no Mi? Blueno
88%
What is Doa Doa no Mi in English? Door-Door Fruit
88%
What type of Devil Fruit is Doa Doa no Mi? Paramecia
88%
How old is the user? (Before timeskip) 30
50%
How old is the user? (After timeskip) 32
50%
What is the user's cover? Bartender
50%
What is one type of Haki the user can use? Kenbunshoku Haki/Color of Observation Haki
50%
What is another type of Haki the user can use? Busoshoku Haki/Armament Haki
38%
Arc the user first appeared in. Water Seven Arc
38%
What is the user's Doriki/Power Level? 820
25%
What was the user's job title? Asassain
25%
What is the user's blood type? X
25%
When is the user's birthday? April 20th
13%
No matching quizzes found
Score Distribution
Percent of People with Each Score
Percentile by Number Answered
Your Score History
You have not taken this quiz